Statistics for They Shoot Pictures, Don't They? - films 21 to 40

Click here to take the quiz!

General Stats

  • This quiz has been taken 63 times
  • The average score is 9 of 20

Answer Stats

Answer% Correct
Psycho
100%
The Godfather Part 2
84%
Raging Bull
82%
Some Like It Hot
78%
Rear Window
73%
La Dolce Vita
60%
City Lights
53%
Sunset Blvd.
53%
Mulholland Dr.
49%
Rashomon
44%
The 400 Blows
40%
The Night of the Hunter
33%
The Man with a Movie Camera
31%
The Mirror
29%
Andrei Rublev
25%
Playtime
22%
L'Avventura
20%
Au hasard Balthazar
18%
L'Atalante
18%
Ordet
18%

Score Distribution

Percentile by Number Answered

Percent of People with Each Score

Your Score History

You have not taken this quiz